000 01117nam a2200205Ii 4500
003 JO-AjNU
008 230605s9999||||xx |||||||||||||| ||und||
017 _a1996/7/975
040 _aJO-AjNU
_bara
_erda
_cJO-AjNU
041 _aara
050 1 4 _aDS154.2.S45.A23 1996
100 3 _aندوة حول عبد الحميد شرف: قراءة في سيرته وتجربته 1996م، المركز الأردني للدرسات والمعلومات، عمان، الاردن,
_eauthor
_949974
245 0 0 _aعبد الحميد شرف: قراءة في سيرته وتجربته: وقائع الندوة التي نظمها المركز الأردني للدراسات والمعلومات بالتعاون مع وزارة الثقافة، الاردن
264 3 1 _aعمان: المركز الاردني للدرسات والمعلومات، 1996
300 _a267ص
336 _atext
_btxt
_2rdacontent
337 _aunmediated
_bn
_2rdamedia
338 _avolume
_bnc
_2rdacarrier
650 4 _aالسياسيون الاردنيون - تراجم - ندوات -عبد الحميد شرف 1939-1980م - ندوات
_949975
999 _aA21984
_c25552
_d25552